LEADER 01432nam a2200289 u 4500 001 000000023001 003 CaOOAMICUS 005 20070226111205.0 008 950508s1991 it af u000 u ita u 035 $a10577532 040 $aPUL(R)$bita 110 2 $aCentro Studi Sanguis Christi (Roma).$bConvegno pastorale$n(4 :$d1990 :$cRoma).$0(OLS)http://pul/name/19462 245 13$aIl mistero del Sangue di Cristo e la catechesi :$batti del IV convegno pastorale, Roma, 27-30 dicembre 1990 /$ca cura di Achille M. Triacca. 260 $aRoma :$bPia Unione Preziosissimo Sangue,$c1991. 300 $a619 p., [12] p. di tav. :$bill. ;$c24 cm 490 1 $aCentro Studi Sanguis Christi ;$v9 490 1 $aSangue e vita ;$v9 600 04$aIesus Christus$xTeologia$xCongressi.$0(OLS)http://pul/subject/2481 700 1 $aTriacca, Achille M.,$d1935-2002.$0(OLS)http://pul/name/59441 830 0$aSangue e vita ;$v9.$0(OLS)http://pul/title/4078 830 0$aCentro Studi Sanguis Christi ;$v9.$0(OLS)http://pul/title/3836 850 $aPUL 852 $aPUL$W1$xDP2 Religione 1$y63$m68 D 9$j32233$nBK-PRI$b $qStampati$B32233$CPULBib$Z2$F32233 $82 941 1 $a8 961 $aINV: 73501 996 $6245$aIl mistero del Sangue di Cristo e la catechesi :$batti del IV convegno pastorale, Roma, 27-30 dicembre 1990$9(OLS)http://pul/title/32039 996 $6260$aRoma :$bPia Unione Preziosissimo Sangue$9(OLS)http://pul/publisher/53675 LEADER 01149cam a2200277 a 4500 001 000000135321 003 CaOOAMICUS 005 20130904130254.0 008 130904s1999 it 0000u ita r 020 $z88-04-43256-X* 040 $aPUL$bita 100 1 $aZavoli, Sergio,$d1923-$0(OLS)http://pul/name/32027 245 10$aC'era una volta la Prima Repubblica :$bcinquant'anni della nostra vita /$cSergio Zavoli. 260 $aRoma :$bRai-Eri ;$aMilano :$bMondadori,$c©1999. 300 $a493 p. ;$c23 cm 500 $aInclude indice. 651 4$aItalia$xStoria$y1900-1950.$0(OLS)http://pul/subject/33415 850 $aPUL 852 $aPUL$W1$xDP1 Fondo E. Rossi$y115$m1 Z 8$j155942$qFondi$B155351$CPULBib$Z2$F155351 $82 941 1 $a1 961 $aSul dorso collocazione ms. di E. Rossi: Z 1 3 996 $6020$z88-04-43256-X*$9(OLS)http://pul/number/153500 996 $6245$aC'era una volta la Prima Repubblica :$bcinquant'anni della nostra vita$9(OLS)http://pul/title/171115 996 $6260$aRoma :$bRai-Eri$9(OLS)http://pul/publisher/66364 996 $6260$aMilano :$bMondadori$9(OLS)http://pul/publisher/50297 LEADER 02022nam a2200385 u 4500 001 000000108858 003 CaOOAMICUS 005 20081203143846.0 008 080107s1998 it u100 u ita u 020 $a88-465-0017-2 040 $aPUL$bita$dLDB 041 0 $aita$afre$aspa 245 03$aIl debito internazionale :$batti del II convegno 25-27 maggio 1995 /$cAssociazione di Studi Sociali Latino-Americani (ASSLA) ; a cura di Domingo Andrés Gutiérrez e Sandro Schipani. 260 $aRoma :$bMursia :$bPontificia Università Lateranense,$c1998. 300 $a479 p. ;$c25 cm. 490 1 $aUtrumque ius ;$v01 500 $aIn testa al front. : Pontificia Università Lateranense, II Università degli studi di Roma. 504 $aBibliografia in nota. 546 $aTesti in italiano, francese, spagnolo. 650 14$aEconomia internazionale.$0(OLS)http://pul/subject/10912 700 1 $aSchipani, Sandro.$0(OLS)http://pul/name/29253 700 1 $aAndrés Gutiérrez, Domingo J.,$cC.M.F.$0(OLS)http://pul/name/6526 710 2 $aAssociazione di Studi Sociali Latino-Americani (ASSLA).$0(OLS)http://pul/name/66694 710 2 $aPontificia Università Lateranense.$0(OLS)http://pul/name/287 830 0$aUtrumque ius ;$v01.$0(OLS)http://pul/title/2556 850 $aPUL 852 $aPUL$W1$xSL Diritto e Scienze Sociali 3$y79$m300 A 12.28.1$j124229$qDDC 21$B123064$CPULBib$Z2$F123064 $H106130 $82 852 $aPUL$W1$xDP2 Cons. Gen., Altre Classi 1$y61$m1386 G 1.28.1$j124345$qStampati$B123177$CPULBib$Z2$F123177 $H77980 $81 910 $aPontificio Ateneo Lateranense$9287 910 $aPontificio Ateneo Lateranense$9287 941 1 $a9 941 1 $a8 996 $6020$a88-465-0017-2$9(OLS)http://pul/number/136571 996 $6245$aIl debito internazionale :$batti del II convegno 25-27 maggio 1995$9(OLS)http://pul/title/136963 996 $6260$aRoma :$bMursia :$bPontificia Università Lateranense$9(OLS)http://pul/publisher/66961